Sử dụng năng lượng mặt trời Luận văn tốt nghiệp Đại học Sư phạm ngành Vật lí Khóa 10

保存先:
書誌詳細
第一著者: Trần Công Doanh
フォーマット: 図書
言語:Undetermined
出版事項: Cần Thơ Trường Đại học Cần Thơ, Khoa Sư phạm, Bộ môn Vật lí 1988
タグ: タグ追加
タグなし, このレコードへの初めてのタグを付けませんか!
Thư viện lưu trữ: Trung tâm Học liệu Trường Đại học Cần Thơ
LEADER 00684nam a2200181Ia 4500
001 CTU_33796
008 210402s9999 xx 000 0 und d
082 |a 621.47 
082 |b D406/1988 
100 |a Trần Công Doanh 
245 0 |a Sử dụng năng lượng mặt trời 
245 0 |b Luận văn tốt nghiệp Đại học Sư phạm ngành Vật lí Khóa 10 
245 0 |c Trần Công Doanh 
260 |a Cần Thơ 
260 |b Trường Đại học Cần Thơ, Khoa Sư phạm, Bộ môn Vật lí 
260 |c 1988 
904 |i Nguyễn Quang Điền, 991111 
980 |a Trung tâm Học liệu Trường Đại học Cần Thơ